000 00912nam a2200277Ia 4500
003 OSt
005 20220930091424.0
006 a|||||r|||| 00| 0
007 ta
008 220926b |||||||| |||| 00| 0 eng d
024 _a5906
037 _cTheses
040 _aCRL
_cCRL
_beng
041 _2eng
_aeng
100 _aThacker Promila Au.
_9545627
110 _aUniversity of Delhi. Faculty of Medical Sciences. Department of Ophthalmology
_9520086
245 0 _aAnterior segment profiling in juvenile glaucoma
260 _c2012
300 _a98
_ap.
_ccm.
650 _aEYE - DISEASES
_9197938
700 _a Dr. Usha Yadav Gu.
_9545628
700 _a Prof. Kirti Singh Gu.
_9539833
700 _aUniversity of Delhi. Faculty of Medical Sciences. Department of Ophthalmology
_9520088
942 _cDIS
_2CC
999 _c882063
_d882063